Identification of tackifying resins and reinforcing resins in cured rubber (Record no. 60671)

MARC details
000 -LEADER
fixed length control field 00480nam a2200169Ia 4500
100 ## - MAIN ENTRY--AUTHOR NAME
Personal name Kim Seung Wook
245 #0 - TITLE STATEMENT
Title Identification of tackifying resins and reinforcing resins in cured rubber
260 ## - PUBLICATION, DISTRIBUTION, ETC. (IMPRINT)
Name of publisher Rubber Chemistry and Technology
Year of publication 1999
300 ## - PHYSICAL DESCRIPTION
Number of Pages 181-198
650 ## - SUBJECT ADDED ENTRY--TOPICAL TERM
Topical Term Cured rubber
650 ## - SUBJECT ADDED ENTRY--TOPICAL TERM
Topical Term Reinforcing resins
650 ## - SUBJECT ADDED ENTRY--TOPICAL TERM
Topical Term Tackifying resins
700 ## - ADDED ENTRY--PERSONAL NAME
Personal name Heo Gwi Suk
700 ## - ADDED ENTRY--PERSONAL NAME
Personal name Lee Gae Ho
942 ## - ADDED ENTRY ELEMENTS (KOHA)
Koha item type Journals
Holdings
Withdrawn status Lost status Damaged status Not for loan Home library Current library Shelving location Date acquired Serial Enumeration / chronology Koha item type
      Journals RRII Library RRII Library Rubber chemistry 17/12/2021 Volume 72, Issue 1 Journals